[Event "Bogota University op 7th"]
[Site "Bogota"]
[Date "2013.10.13"]
[Round "7"]
[White "Lopez, Jorge"]
[Black "Rodriguez Rueda, Paula Andrea"]
[Result "0-1"]
[WhiteElo "2021"]
[BlackElo "2250"]
[PlyCount "68"]
[EventDate "2013.10.10"]
[EventType "swiss"]
[EventRounds "9"]
[EventCountry "COL"]
[SourceTitle "CBM 156 Extra"]
[Source "ChessBase"]
[SourceDate "2013.10.22"]
[SourceVersion "1"]
[SourceVersionDate "2013.10.22"]
[SourceQuality "1"]

1. e4 c5 2. c3 Nf6 3. e5 Nd5 4. d4 cxd4 5. Qxd4 e6 6. Nf3 Nc6 7. Qe4 d6 8. c4 Nb6 9. Nc3 d5 10. cxd5 exd5 11. Qf4 d4 12. Nb5 Nd5 13. Qe4 Bb4+ 14. Bd2 Bxd2+ 15. Nxd2 0-0 16. Bd3 g6 17. Nd6 Be6 18. Bc4 f5 19. Qe2 d3 20. Qxd3 Nxe5 21. Qa3 Qg5 22. Qg3 Qf6 23. 0-0 f4 24. Qb3 Nxc4 25. N6xc4 Nb6 26. Rac1 Rac8 27. Qb4 f3 28. Nxb6 fxg2 29. Kxg2 Rxc1 30. Rxc1 Qxf2+ 31. Kh1 axb6 32. Qe4 Qf7 33. Kg1 Bd5 34. Qd4 Qf4 0-1

[Event "Campillos op 10th"]
[Site "Campillos"]
[Date "2007.03.03"]
[Round "9.7"]
[White "Lopez, Jorge"]
[Black "Recuero Guerra, David"]
[Result "1/2-1/2"]
[WhiteElo "2271"]
[BlackElo "2357"]
[PlyCount "42"]
[EventDate "2007.02.24"]
[EventType "swiss"]
[EventRounds "9"]
[EventCountry "ESP"]
[SourceTitle "CBM 117 Extra"]
[Source "ChessBase"]
[SourceDate "2007.05.09"]
[SourceVersion "1"]
[SourceVersionDate "2007.05.09"]
[SourceQuality "1"]

1. d4 Nf6 2. Nf3 e6 3. c4 Nc6 4. Bg5 Bb4+ 5. Nbd2 h6 6. Bxf6 Qxf6 7. e3 e5 8. a3 Bxd2+ 9. Qxd2 d6 10. dxe5 dxe5 11. Qc3 Bg4 12. Be2 a5 13. 0-0 a4 14. Rfe1 0-0 15. Rad1 Qe7 16. h3 Bf5 17. Rd5 f6 18. Rb5 b6 19. c5 Na7 20. Rb4 Nc6 21. Rb5 Na7 1/2-1/2

[Event "POR-chT1"]
[Site "Lisbon"]
[Date "2003.??.??"]
[Round "2.4"]
[White "Lopez, Jorge"]
[Black "Alho, Diogo Henriques"]
[Result "1/2-1/2"]
[WhiteElo "2263"]
[BlackElo "2068"]
[PlyCount "75"]
[EventDate "2003.??.??"]
[EventType "team"]
[EventRounds "9"]
[EventCountry "POR"]
[SourceTitle "EXT 2004"]
[Source "ChessBase"]
[SourceDate "2003.11.25"]
[SourceVersion "1"]
[SourceVersionDate "2003.11.25"]
[SourceQuality "1"]

1. Nf3 Nf6 2. d3 d5 3. Nbd2 Nc6 4. e4 e5 5. g3 Bc5 6. Bg2 dxe4 7. dxe4 0-0 8. 0-0 Qe7 9. c3 Be6 10. Qe2 Ne8 11. Nc4 f6 12. Be3 Bb6 13. Rfd1 Qf7 14. Nfd2 Rd8 15. b3 Nd6 16. Nxd6 Rxd6 17. Nf1 Rfd8 18. Bxb6 axb6 19. Ne3 Ne7 20. Bf3 g6 21. Rxd6 Rxd6 22. Rd1 Nc8 23. Bg4 Kg7 24. Rxd6 Bxg4 25. Nxg4 Nxd6 26. Qd3 Qe6 27. Ne3 c6 28. Kg2 Nf7 29. h4 Qd6 30. Qxd6 Nxd6 31. Kf3 Kf7 32. Nd1 Ke6 33. Ke3 h5 34. f3 g5 35. Nf2 gxh4 36. gxh4 f5 37. Nd3 f4+ 38. Ke2 1/2-1/2

[Event "POR-chT1"]
[Site "Lisbon"]
[Date "2003.??.??"]
[Round "9.3"]
[White "Lopez, Jorge"]
[Black "Santos, Luis M"]
[Result "1/2-1/2"]
[WhiteElo "2263"]
[BlackElo "2367"]
[PlyCount "35"]
[EventDate "2003.??.??"]
[EventType "team"]
[EventRounds "9"]
[EventCountry "POR"]
[SourceTitle "EXT 2004"]
[Source "ChessBase"]
[SourceDate "2003.11.25"]
[SourceVersion "1"]
[SourceVersionDate "2003.11.25"]
[SourceQuality "1"]

1. d4 d5 2. Nf3 Nf6 3. e3 Bg4 4. c4 dxc4 5. Bxc4 e6 6. 0-0 a6 7. Nc3 Nc6 8. Be2 Bd6 9. a3 0-0 10. b4 e5 11. d5 Ne7 12. e4 a5 13. b5 Bxf3 14. Bxf3 Bc5 15. Na4 Bd4 16. Bb2 Bxb2 17. Nxb2 Nc8 18. Qe2 1/2-1/2

[Event "Santa Olaya op"]
[Site "Santa Olaya"]
[Date "1999.??.??"]
[Round "5"]
[White "Rodriguez Lopez, Jose Luis"]
[Black "Lopez, Jorge"]
[Result "0-1"]
[WhiteElo "2228"]
[BlackElo "2189"]
[PlyCount "44"]
[EventDate "1999.??.??"]
[EventType "swiss"]
[EventRounds "8"]
[EventCountry "ESP"]
[SourceTitle "EXT 2001"]
[Source "ChessBase"]
[SourceDate "2000.11.22"]
[SourceVersion "1"]
[SourceVersionDate "2000.11.22"]
[SourceQuality "1"]

1. e4 c5 2. Nc3 Nc6 3. Nf3 g6 4. d3 Bg7 5. Bd2 e6 6. g3 Nge7 7. Bg2 0-0 8. 0-0 a6 9. Qc1 Re8 10. Re1 d5 11. exd5 exd5 12. Bg5 Be6 13. Na4 Qa5 14. b3 Bxa1 15. Qxa1 Nf5 16. Nh4 Nxh4 17. gxh4 Nd4 18. Rc1 Ne2+ 19. Kh1 Nxc1 20. Kg1 Qe1+ 21. Bf1 Ne2+ 22. Kg2 Qxa1 0-1